Drum Corps Quiz - Statistics

General Stats
  • This quiz has been taken 176 times
  • The average score is 18 of 35
Answer Stats
Corps % Correct
Blue Devils
97%
Bluecoats
94%
Santa Clara Vanguard
87%
Carolina Crown
86%
Phantom Regiment
85%
Blue Stars
81%
Boston Crusaders
81%
Blue Knights
76%
The Cadets
76%
Troopers
73%
Cavaliers
72%
Mandarins
70%
Madison Scouts
66%
Colts
60%
The Academy
60%
Crossmen
56%
Blue Devils B
55%
Genesis
54%
Jersey Surf
54%
Pacific Crest
52%
Music City
50%
Gold
44%
Spartans
44%
Colt Cadets
37%
7th Regiment
32%
Guardians
28%
The Battalion
28%
Vanguard Cadets
24%
River City Rhythm
22%
Raiders
21%
Southwind
21%
Les Stentors
15%
Legends
13%
Louisiana Stars
13%
Calgary Stampede Showband
7%
No matching quizzes found
Score Distribution
Percent of People with Each Score
Percentile by Number Answered
Your Score History
You have not taken this quiz